Normal view MARC view
  • Western stories

Entry Topical Term

Number of records used in: 1

001 - CONTROL NUMBER

  • control field: 153612

003 - CONTROL NUMBER IDENTIFIER

  • control field: TR-AnTOB

005 - DATE AND TIME OF LATEST TRANSACTION

  • control field: 20260413154632.0

008 - FIXED-LENGTH DATA ELEMENTS

  • fixed length control field: 260413n|eazannbab| |n aaa d

010 ## - LIBRARY OF CONGRESS CONTROL NUMBER

  • LC control number: sh 85146287

035 ## - SYSTEM CONTROL NUMBER

  • System control number: (TR-AnTOB)153612

040 ## - CATALOGING SOURCE

  • Original cataloging agency: DLC
  • Language of cataloging: eng
  • Transcribing agency: DLC
  • Modifying agency: DLC
  • Modifying agency: WaU
  • Modifying agency: TR-AnTOB

150 ## - HEADING--TOPICAL TERM

  • Topical term or geographic name entry element: Western stories

450 ## - SEE FROM TRACING--TOPICAL TERM

  • Topical term or geographic name entry element: American Western stories

450 ## - SEE FROM TRACING--TOPICAL TERM

  • Topical term or geographic name entry element: Western fiction

450 ## - SEE FROM TRACING--TOPICAL TERM

  • Topical term or geographic name entry element: Western stories, American

450 ## - SEE FROM TRACING--TOPICAL TERM

  • Topical term or geographic name entry element: Westerns

450 ## - SEE FROM TRACING--TOPICAL TERM

  • Topical term or geographic name entry element: Batı hikayeleri

450 ## - SEE FROM TRACING--TOPICAL TERM

  • Topical term or geographic name entry element: Batı öyküleri

451 ## - SEE FROM TRACING--GEOGRAPHIC NAME

  • Geographic name: West (U.S.)
  • Form subdivision: Fiction

451 ## - SEE FROM TRACING--GEOGRAPHIC NAME

  • Geographic name: West (U.S.)
  • Form subdivision: Juvenile fiction

550 ## - SEE ALSO FROM TRACING--TOPICAL TERM

  • Topical term or geographic name entry element: American fiction
  • Control subfield: g

550 ## - SEE ALSO FROM TRACING--TOPICAL TERM

  • Topical term or geographic name entry element: Fiction
  • Control subfield: g

670 ## - SOURCE DATA FOUND

  • Source citation: Vivo o muerto : cuentos del Spaghetti-Western, 2008.

670 ## - SOURCE DATA FOUND

  • Source citation: Wikipedia, May 11, 2012:
  • Information found: Western fiction (Western fiction; a genre of literature set in the American Old West frontier (it must be taken into consideration that the definition of the West changed over time) and typically set from the late eighteenth to the late nineteenth century. Well-known writers of Western fiction include Zane Grey from the early 1900s and Louis L'Amour from the mid 20th century. The genre peaked around the early 1960s, largely due to the popularity of televised Westerns such as Bonanza. Readership began to drop off in the mid- to late 1970s and has reached a new low in the 2000s.) Western (genre) (The Western is a genre of various visual arts, such as film, television, radio, literature, painting and others. Westerns are devoted to telling stories set primarily in the latter half of the 19th century in the American Old West, hence the name.)

670 ## - SOURCE DATA FOUND

  • Source citation: German Wikipedia, May 11, 2012:
  • Information found: Wildwestroman (a genre of popular fiction, set mostly in the "Wild West" of the United States; has lists of English-language authors and German-language authors)

670 ## - SOURCE DATA FOUND

  • Source citation: Polish Wikipedia, May 11, 2012:
  • Information found: Western (literatura) (The Western was born in American literature. In America, there are also the largest number of authors and readers. However, there is also a large group of non-American writers who practice this art; article has section "Literatura western w Polsce" [Western literature in Poland] and lists Polish writers of Westerns)

670 ## - SOURCE DATA FOUND

  • Source citation: Davidson, A.E. Coyote country : fictions of the Canadian West, 1994.

688 ## - APPLICATION HISTORY NOTE

  • Institution to which field applies: TR-AnTOB
  • Application history note: Op 13.04.2026

750 ## - ESTABLISHED HEADING LINKING ENTRY--TOPICAL TERM

  • Authority record control number or standard number: https://lccn.loc.gov/sh85146287
  • Source of heading or term: lcsh
Devinim Yazılım Eğitim Danışmanlık tarafından Koha'nın orjinal sürümü uyarlanarak geliştirilip kurulmuştur.